| 000 | 00688nam a2200241Ia 4500 | ||
|---|---|---|---|
| 005 | 20260430150502.0 | ||
| 008 | 008 250103s9999 xx 000 0 eng d | ||
| 037 | _aTheses | ||
| 040 | _aCRL | ||
| 040 | _beng | ||
| 040 | _ceng | ||
| 041 | _2eng | ||
| 041 | _aeng | ||
| 084 | _qCRL | ||
| 100 |
_aMeena Priyanka Au.; Verma Akhilesh K. Gu.; Bharti Akhilesh Gu. _91237648 |
||
| 245 | 0 | _aBase-Mediated Chemo- and Regioselective Intermolecular Hydroamination and Methylsulfinylation of Alkenes | |
| 260 | _c2022 | ||
| 300 | _a220p. | ||
| 650 | _aChemistry | ||
| 700 | _aUniversity of Delhi. Faculty of Science. Deptt.of Chemistry | ||
| 942 | _cTH | ||
| 999 |
_c1849893 _d1849893 |
||